000 00496cam a2200181ua 4500
020 _c200.00
041 _aeng
_h
082 _a551.49
_bCOO/ME
100 _aCook, J.M and Miles. D.L .
245 _aMethods for the chemical analysis of ground water /
_cD.L. J.M and Miles Cook.
_hTextual Documents
250 _a1 /
_b.
260 _aJodhpur :
_bScientific Books Publisher INC ,
_c1991.
300 _a55 ; .
365 _a200.00
504 _a
942 _cBK
999 _c2018
_d2018